Największe miasta na świecie - Statystyki

Ogólne statystyki
  • Ten quiz został rozwiązany 469 razy
  • Średni wynik to 10 z 20
Statystyki odpowiedzi
Kraj Miasto % Poprawnych
Japonia Tokio
98%
Chiny Pekin
89%
Meksyk Meksyk
79%
Egipt Kair
76%
Turcja Stambuł
74%
Chiny Szanghaj
67%
Argentyna Buenos Aires
64%
Indie Delhi
64%
Brazylia São Paulo
56%
Japonia Osaka
46%
Bangladesz Dhaka
43%
Filipiny Manila
43%
Nigeria Lagos
39%
DRK Kinszasa
29%
Indie Kolkata
26%
Chiny Kanton
21%
Pakistan Karaczi
18%
Indie Mumbai
18%
Chiny Chongqing
9%
Chiny Tiencin
5%
Nie znaleziono quizów pasujących do podanych kryteriów
Rozkład punktacji
Procent ludzi z każdym wynikiem
Percentyl według liczby udzielonych odpowiedzi
Twoja historia wyników
Nie rozwiązałeś tego quizu